Countries with an Animal on Their Flag - Sudden Death - Statistics

General Stats
  • This quiz has been taken 64 times
    48 since last reset
  • The average score is 12 of 21
Answers on the Grid
Answers color-coded by a green-red scale on the quiz's grid according to % correct below.
Papua New Guinea
Moldova
Egypt
Kazakhstan
Mexico
Zambia
Zimbabwe
Uganda
Peru
Bahamas
Kiribati
Guatemala
Fiji
Montenegro
Serbia
Albania
Andorra
Bhutan
Croatia
Ecuador
Dominica
Spain
Russia
Kyrgyzstan
Tajikistan
Uzbekistan
Turkmenistan
Brazil
Haiti
Dominican Republic
Paraguay
Vatican City
India
Uruguay
Saint Lucia
Lebanon
 
Answer Stats
Answer % Correct
Mexico
85%
Albania
77%
Bhutan
73%
Egypt
73%
Papua New Guinea
65%
Moldova
62%
Montenegro
62%
Uganda
62%
Andorra
58%
Zambia
58%
Kazakhstan
54%
Serbia
54%
Zimbabwe
54%
Dominica
50%
Kiribati
50%
Fiji
42%
Spain
42%
Ecuador
38%
Guatemala
35%
Croatia
31%
Peru
27%
No matching quizzes found
Score Distribution
Percent of People with Each Score
Percentile by Number Answered
Your Score History
You have not taken this quiz since the last reset